000 00634nam a2200229Ia 4500
003 GCL
008 140319s9999 xx 000 0 ara d
040 _aGCL /
_cGCL
082 0 4 _a808.80
_bر س
100 1 _aمحمد صبرى
245 1 0 _aسيدانودى: برجراك /
_cمحمد صبرى
700 1 _aعبدالرحمن صدقى
700 1 _aعباس حافظ
700 1 _aروستان
700 1 _aادمون
300 _a294
490 _aروائع المسرح العالمى
_v0
650 0 4 _aالادب
650 0 4 _aالمسرح
650 0 4 _aالادب العالمى المترجم
942 _2ddc
_cBK
999 _c44173
_d44173